| 000 | 01426cab a22002415a 4500 | ||
|---|---|---|---|
| 001 | L137506 | ||
| 008 | 070412e2006 xxk 000 0 eng d | ||
| 035 | _a(Sirsi) u137506 | ||
| 041 | 0 | _aeng | |
| 245 | 0 | 0 |
_aMachin and Machin v Devon County Council _h[electronic resource] |
| 260 | _c2006 | ||
| 520 | _aBNO/202/2005, 15 November 2006. The claimants served 3 blight notices on Devon County Council under section 150(1) of the Town and Country Planning Act 1990 in respect of the property under which the property had become blighted land. The claimant claimed the land taken to build a trunk road adversely affected the property and made it difficult to sell. "Held": the consideration was whether or not the proposal to take what amounts to a very small area of land at the rear of the property, and reserve rights over a slightly larger area, seriously affects the amenity or convenience of the property. No awards were made as to costs. | ||
| 590 | _aKA | ||
| 650 | 2 | 4 | _aMACHIN V DEVON COUNTY COUNCIL |
| 650 | 2 | 4 | _aLANDS TRIBUNAL ACT 1949 |
| 650 | 2 | 4 | _aSHEPHARD AND OTHERS V TURNER AND ANOTHER |
| 650 | 2 | 4 | _aENTWISTLE PEARSON V CHORLEY BOROUGH COUNCIL |
| 650 | 2 | 4 | _aTOWN AND COUNTRY PLANNING ACT 1990 |
| 651 | 4 |
_aEngland _y886- |
|
| 690 |
_aBoundary disputes _96221 |
||
| 856 | 4 | 0 |
_uhttps://www.landstribunal.gov.uk/aspx/view.aspx?id=362 _zView the item free of charge at www.landstribunal.gov.uk... |
| 942 | _n0 | ||
| 999 |
_c78641 _d78641 |
||